Sports Quiz

Random Sports Quiz

Arkansas Sports Quiz Stats

 Plays Quiz not verified by Sporcle

Support Sporcle.
Go Orange.
Score 0/15 Timer 03:00
0 Plays Today
Question Answer Wrong Answers
What is the name of the sports teams from the University of Arkansas? Razorbacks
92.7%
Diamondbacks
0%
Wild Hogs
4.9%
Boars
2.4%
This Chicago Bulls legend was born in Hamburg, Arkansas and had his number 33 jersey retired in 2005. Scottie Pippen
92.7%
Michael Jordan
2.4%
Dennis Rodman
2.4%
Horace Grant
2.4%
What NFL team owner grew up in North Little Rock and played football at the University of Arkansas? Jerry Jones
87.8%
Jerry Richardson
0%
George Halas
2.4%
Mike Brown
4.9%
This legendary college football coach was born in Moro Bottom, Arkansas and retired with the most Division I wins (since broken), mostly with Alabama. Bear Bryant
75.6%
Pop Warner
4.9%
Bobby Bowden
9.8%
Joe Paterno
9.8%
The University of Arkansas made the NCAA men's basketball finals in back-to-back years, winning in 1994 and losing in 1995. What teams did they face? Duke and UCLA
75.6%
Kentucky and Syracuse
7.3%
North Carolina and Michigan
9.8%
Kansas and Arizona
2.4%
These baseball brothers were born in Lucas, Arkansas and pitched together for the St. Louis Cardinals from 1934-1937. Dizzy and Daffy Dean
70.7%
Jim and Gaylord Perry
9.8%
Phil and Joe Niekro
14.6%
Greg and Mike Maddux
4.9%
This professional golfer, though born in California, grew up in Arkansas and attended the University of Arkansas and has two major championship wins. John Daly
68.3%
Tiger Woods
2.4%
Bubba Watson
17.1%
Dustin Johnson
9.8%
Why have the University of Arkansas and Arkansas State University never played each other in football? University of Arkansas has a policy of not playing intrastate games.
68.3%
Arkansas State University does not have a football team.
4.9%
They are in different divisions.
14.6%
They don't like each other.
9.8%
What Arkansas city is considered the birthplace of baseball spring training, hosting teams starting in 1886? Hot Springs
68.3%
Springdale
9.8%
Pine Bluff
9.8%
North Little Rock
9.8%
This Little Rock native won 16 consecutive Gold Glove awards and is considered by many the greatest defensive third baseman in baseball history. Brooks Robinson
63.4%
George Brett
12.2%
Mike Schmidt
19.5%
Eddie Mathews
4.9%
What NASCAR driver, born in Batesville, Arkansas, finished his career with 40 race wins, 271 top-5s and 453 top-10s and was a 2017 inductee to the NASCAR Hall of Fame? Mark Martin
61%
Curtis Tanner
2.4%
Bobby Isaac
12.2%
Bill Elliott
14.6%
This speedy outfielder, born in El Dorado, Arkansas, held the major league record for stolen bases from 1977 until it was broken in 1991 Lou Brock
56.1%
Ozzie Smith
19.5%
Tim Raines
9.8%
Vince Coleman
14.6%
This boxer, born in Sand Slough, Arkansas, was heavyweight champion in 1962 and 1963 until his loss to Muhammad Ali in 1964. Sonny Liston
43.9%
Sugar Ray Robinson
26.8%
Floyd Patterson
9.8%
Joe Frazier
19.5%
This Little Rock native and Hall of Famer was the second African-American in the NBA, missing being the first by four days. Nathaniel Clifton
29.3%
Chuck Cooper
19.5%
Earl Lloyd
41.5%
Hank DeZonie
7.3%
Blytheville native Kimberly Derrick is the only Arkansas-born athlete to compete in the Winter Olympics, winning bronze in 2010. What sport did she compete in? Speed skating
24.4%
Figure skating
24.4%
Luge
26.8%
Slalom skiing
19.5%

You're not logged in!

Compare scores with friends on all Sporcle quizzes.
OR
Log In

From the Vault

Did They Go to Jail?

by dolebanana

We always just thought a mugshot was a requirement to make the 50 Most Beautiful People list.
Remove Ads.
Support Sporcle.
Get the best of Sporcle when you Go Orange. This ad-free experience offers more features, more stats, and more fun while also helping to support Sporcle. Thank you for becoming a member.

Show Comments

Extras

Created Feb 7, 2018ReportNominate
Tags:arkansas

Top Quizzes Today


Score Distribution

Your Account Isn't Verified!

In order to create a playlist on Sporcle, you need to verify the email address you used during registration. Go to your Sporcle Settings to finish the process.

Report this User

Report this user for behavior that violates our Community Guidelines.

Details: